College Quizbowl Stats
College Quizbowl Stats
Circuits
Seasons
Sets
Records
Detailed Stats
About
Loading...
2024 Penn Bowl UNC
Tossups
Bonuses
Players
Teams
Categories (Tossup)
Categories (Bonus)
Koji Bilbao
Duke A
Categories
Category
Powers
Gets
Negs
BBs
Points
Earliest Buzz
Avg. Buzz
First Buzzes
Top 3 Buzzes
Literature - American Literature
1
0
0
0
15
44
44.00
1
1
Philosophy
0
2
1
2
15
122
132.00
0
2
Science - Biology
0
1
0
0
10
82
82.00
1
1
Social Science
0
1
0
0
10
108
108.00
1
1
Religion
0
0
1
0
-5
0.00
0
0
Buzzes
Category
Answer
Value
Buzz Position
Literature - American Literature
Edgar Allan Poe
15
44
Religion
seven
-5
80
Science - Biology
trilobites
10
82
Philosophy
filmmaking
-5
92
Social Science
systems
10
108
Philosophy
archaeology
10
122
Philosophy
omnipotence
10
142
Previous
1
Next